[Event "Klatovy op-B 29th"]
[Site "Klatovy"]
[Date "2023.07.01"]
[Round "1"]
[White "Krivka, Matej"]
[Black "Stegner, Mathias"]
[Result "1-0"]
[WhiteElo "1600"]
[BlackElo "1239"]
[PlyCount "69"]
[EventDate "2023.07.01"]
[EventType "swiss"]
[EventRounds "9"]
[EventCountry "CZE"]
[SourceTitle "CBM 215 Extra"]
[Source "ChessBase"]
[SourceDate "2023.09.30"]
[SourceVersion "1"]
[SourceVersionDate "2023.09.30"]
[SourceQuality "1"]

1. e4 g6 2. d4 Bg7 3. Nc3 d6 4. Be3 f5 5. Bd3 Nf6 6. f3 e6 7. Qd2 b6 8. Bh6 0-0 9. Bxg7 Kxg7 10. 0-0-0 Bb7 11. Nge2 Nbd7 12. Nf4 Re8 13. h4 e5 14. dxe5 dxe5 15. Nfe2 Nc5 16. exf5 Nxd3+ 17. cxd3 Nd5 18. fxg6 hxg6 19. h5 Rh8 20. hxg6 Kxg6 21. Ne4 Qe7 22. Rh3 Rxh3 23. gxh3 Nf6 24. Rg1+ Kf7 25. Qh6 Rg8 26. Rxg8 Nxg8 27. Ng5+ Ke8 28. Qg6+ Kd7 29. Qxg8 Qc5+ 30. Kd1 Qd6 31. Qf7+ Kc6 32. Qe8+ Kc5 33. Ne6+ Kb4 34. a3+ Kb3 35. Qb5+ 1-0